| 000 | 00634nam a2200193 a 4500 | ||
|---|---|---|---|
| 005 | 20231013063640.0 | ||
| 008 | 991125s1992 mx 000 0 spa u | ||
| 035 | _aUPN01000016687 | ||
| 049 | _aCG | ||
| 050 | 4 |
_aLB2395 _bD68 |
|
| 245 | 0 | 0 |
_aDos décadas de planeación de la educación superior : _bdesarrollo, metodología y casos / _ccomp. Alfredo L. Fernández, Laura Santini. |
| 260 |
_aMéxico : _bANUIES, _c1992. |
||
| 300 | _a320 p. | ||
| 650 | 7 |
_aLibros _vReseñas _2 _916416 |
|
| 650 | 4 |
_aInvestigación _xMetodología _95209 |
|
| 700 | 1 |
_aFernández, Alfredo L., _ecomp. |
|
| 700 | 1 |
_aSantini, Laura, _ecomp. |
|
| 905 | _aLibro | ||
| 999 |
_c16687 _d16687 |
||